| 000 | 00468nam a22001937a 4500 | ||
|---|---|---|---|
| 005 | 20221209134014.0 | ||
| 008 | 221209b |||||||| |||| 00| 0 eng d | ||
| 020 |
_a9781509897124 _cRs.399.00 |
||
| 040 | _aLoreto College | ||
| 041 | _aEnglish | ||
| 082 |
_aF _bSTE |
||
| 100 | _aSteele,Danielle | ||
| 245 |
_aThe good fight _cDanielle Steel |
||
| 260 |
_aLondon _bPan Books _c2018 |
||
| 300 |
_a287p _b22cm |
||
| 650 | _aFiction | ||
| 850 | _aLCLIB | ||
| 942 | _cBK | ||
| 999 |
_c43081 _d93560 |
||